LEADER 01111cam a22002415a 4500 001 991002082559707536 008 130610s2012 it 000 0 ita d 020 $a9788862569422 035 $ab14118415-39ule_inst 040 $aBibl. Interfacoltà T. Pellegrino$bita 082 04$a741.642 245 00$aDa Pinocchio a Harry Potter :$b150 anni di illustrazione italiana dall'archivio Salani, 1862-2012 /$ca cura di Gioorgio Bacci 260 $aMilano :$bSalani,$c2012 300 $a302 p. :$bill. ;$c26 cm. 500 $aCatalogo di una Mostra tenuta presso il Castello Sforzesco, a Milano, 18 Ottobre 2012-6 Gennaio 2013 650 4$aIllustrazione del libro$zItalia$y1862-2012$xCollezioni [dell'] Archivio [della] Salani $vCataloghi di esposizioni 700 1 $aBacci, Giorgio 907 $a.b14118415$b02-04-14$c10-06-13 912 $a991002082559707536 945 $aLE002 741.642 DAP$g1$i2002000817006$lle002$op$pE30.00$q-$rl$s- $t0$u1$v0$w1$x0$y.i15516003$z10-06-13 996 $aDa Pinocchio a Harry Potter$9263855 997 $aUNISALENTO 998 $ale002$b10-06-13$cm$da $e-$fita$git $h0$i0 LEADER 02134oas 2200673 a 450 001 9910984685703321 005 20251105213014.0 011 $y1386-5870 035 $a(OCoLC)780067320 035 $a(CONSER) 2012254060 035 $a(CKB)4421534400041 035 $a(EXLCZ)994421534400041 100 $a20110209a19979999 uy 101 0 $adut 135 $aur|nu|||||||| 181 $ctxt$2rdacontent 182 $cc$2rdamedia 183 $acr$2rdacarrier 200 00$aTS·> Tijdschrift voor Tijdschriftstudies 210 $a[Utrecht] $cIgitur, Utrecht Publishing & Archiving Services 311 08$aPrint version: TS·> Tijdschrift voor Tijdschriftstudies 1386-5870 517 1 $aTS·> Journal for the study of periodical media 517 3 $aJournal for the study of periodical media 517 3 $aTijdschrift voor tijdschrift-studies 517 3 $aTijdschrift voor tijdschriftstudies 517 3 $aTS 517 3 $aTS·> Tijdschrift voor Tijdschrift-studies 606 $aPeriodicals$xPublishing$zNetherlands$vPeriodicals 606 $aPeriodicals$xPublishing$vPeriodicals 606 $aPublishers and publishing$zNetherlands$vPeriodicals 606 $aPeriodicals$xPublishing$2fast$3(OCoLC)fst01058100 606 $aPublishers and publishing$2fast$3(OCoLC)fst01083463 607 $aNetherlands$2fast$1https://id.oclc.org/worldcat/entity/E39PBJk4D96j3YTHJQfHCV3vpP 608 $aPeriodicals.$2fast 615 0$aPeriodicals$xPublishing 615 0$aPeriodicals$xPublishing 615 0$aPublishers and publishing 615 7$aPeriodicals$xPublishing. 615 7$aPublishers and publishing. 801 0$bAU@ 801 1$bAU@ 801 2$bOCLCQ 801 2$bOCLCO 801 2$bCUS 801 2$bOCLCA 801 2$bOCLCF 801 2$bOCLCO 801 2$bOCLCQ 801 2$bBUF 801 2$bINU 801 2$bVT2 801 2$bOCLCA 801 2$bBWN 801 2$bOCLCQ 801 2$bOCLCL 801 2$bOCLCQ 912 $a9910984685703321 996 $aTS· Tijdschrift voor Tijdschriftstudies Tijdschrift voor Tijdschriftstudies$92103412 997 $aUNINA